| 000 | 00901nam a2200301Ia 4500 | ||
|---|---|---|---|
| 001 | 9427 | ||
| 003 | IT-RoPAU | ||
| 008 | 130308s9999 xx 000 0 und d | ||
| 040 | _aIT-RoPAU | ||
| 040 | _cIT-RoPAU | ||
| 041 | _aITALIANO | ||
| 100 | _aMarino Alberto | ||
| 100 | _gCodice Aut. SPICS: 4148 | ||
| 245 | _aPolitiche dei canali di distribuzione (Le) | ||
| 245 | _bManuale di Marketing | ||
| 250 | _a1a ed. | ||
| 260 | _aMILANO | ||
| 260 | _bISEDI | ||
| 260 | _c1972 [1° Ed.:1972 - Ed.Ling.Originale:1972] | ||
| 300 | _a"48 p. (prefazione: no ; testo: 48 [pagine: 0-0])" | ||
| 500 | _aScelta del canale dominante scelte di Struttura Modifiche Alla Struttura dei canali scelte dei canali e degli Intermediari di Distribuzione | ||
| 650 | _aENCICLOPEDIE DI MARKETING | ||
| 650 | _eCodice materia Spics: 6451 | ||
| 942 | _cBK | ||
| 957 | _71 | ||
| 999 |
_c49116 _d49116 |
||
| 999 | _bSI | ||
| 999 | _g1 | ||